| 000 | 00474nam a2200181Ia 4500 | ||
|---|---|---|---|
| 008 | 180921t2014 xxu||||| |||| 00| 0 sin d | ||
| 041 | _asin | ||
| 080 |
_a294.3 _bDHA |
||
| 100 | _aDammakitti himi | ||
| 245 | _aසද්ධම්ම සංගහො | ||
| 246 | _aSaddhamma Sangaho | ||
| 260 |
_bGodage _aColombo _c2014 |
||
| 300 | _b145p, 21cm | ||
| 700 |
_aGammeddegoda Punganasara himi _eed. |
||
| 942 | _cBK | ||
| 999 |
_c1390 _d1390 |
||
| 003 | LK-CoDNM | ||
| 040 |
_aLK-CoDNM _dLK-CoDNM _eLK-CoDNM |
||